• AIU
  • Tony Wilmot Memorial Library

A matter of life and death. : (Record no. 39209)

MARC details
000 -LEADER
fixed length control field 00600nam a22001931a 4500
003 - CONTROL NUMBER IDENTIFIER
control field NEGST
005 - DATE AND TIME OF LATEST TRANSACTION
control field 20110718132928.0
008 - FIXED-LENGTH DATA ELEMENTS--GENERAL INFORMATION
fixed length control field 030714s1966 001 0 eng d
100 1# - MAIN ENTRY--PERSONAL NAME
Personal name Carr, Albert Z.
245 12 - TITLE STATEMENT
Title A matter of life and death. :
Remainder of title how wars get started -or are prevented. /
Statement of responsibility, etc Albert Z. Carr.
Medium [Text]
260 ## - PUBLICATION, DISTRIBUTION, ETC. (IMPRINT)
Place of publication, distribution, etc New York.
Name of publisher, distributor, etc The Viking Press
Date of publication, distribution, etc 1966
300 ## - PHYSICAL DESCRIPTION
Extent 256p.
500 ## - GENERAL NOTE
General note Includes bibliographical refferences and index.
590 ## - LOCAL NOTE (RLIN)
Local note Accession number: 26442
650 #0 - SUBJECT ADDED ENTRY--TOPICAL TERM
Topical term or geographic name as entry element Wars
General subdivision History.
650 #0 - SUBJECT ADDED ENTRY--TOPICAL TERM
Topical term or geographic name as entry element Wars
General subdivision Causes an Prevention.
650 #0 - SUBJECT ADDED ENTRY--TOPICAL TERM
Topical term or geographic name as entry element Peace.
Holdings
Withdrawn status Lost status Source of classification or shelving scheme Damaged status Not for loan Collection code Home library Current library Shelving location Date acquired Cost, normal purchase price Total Checkouts Full call number Barcode Date last seen Date checked out Copy number Price effective from Koha item type
    Library of Congress Classification     General Circulation AIU/NEGST - Tony Wilmot Memorial Library AIU/NEGST - Tony Wilmot Memorial Library General Stacks 10/13/2009 5.90 1 U 21.2.C35 1967 R08076A3232 04/05/2023 03/28/2023 1 10/13/2009 Books